00503 2200181 4500001002100000005001700021008004100038035002400079040001200103082001500115090001900130245003600149260006000185300002700245650001900272850001200291990001800303INLIS00000000002384620161102142831.0  0010-111600000000100 aYOPDYOG 223a069.52 aNUS 069.52 Per aPERHIASAN pengantin di Sumatera aBanda AcehbMuseum Negeri Provinsi Sumatera Utarac1995 avii, 29 hlm.c; 20 cm. aKoleksi Museum aYOPDYOG a45859-PD/A.13